000 00625nam a22001697a 4500
008 211129b ||||| |||| 00| 0 eng d
020 _a139780691127385
050 _aBF456.N7 B94 2007
100 _aByers, William
_951022
245 _aHow Mathematicians think
_busing ambiguity, contradiction and paradox to create mathematics
_c/by William Byers
260 _aPrinceton:
_bPrinceton University Press,
_cc2007.
300 _avii, 415p.;
_c24cm.
650 _aMathematicians
_xPsychology
_913997
650 _aMathematics
_xPsychological aspects
_913998
650 _aMathematics
_xPhilosophy
942 _2lcc
_cMONOGRAPH
999 _c131126
_d131126